El gibaro : (Record no. 14831)
[ view plain ]
| 000 -CABECERA | |
|---|---|
| campo de control de longitud fija | 00993cam a2200265 a 4500 |
| 001 - NÚMERO DE CONTROL | |
| campo de control | 000015265 |
| 005 - FECHA Y HORA DE LA ÚLTIMA TRANSACCIÓN | |
| campo de control | 20200929164009.0 |
| 008 - DATOS DE LONGITUD FIJA--INFORMACIÓN GENERAL | |
| campo de control de longitud fija | 060628s1888 pr 000 0 spa |
| 020 ## - NÚMERO INTERNACIONAL ESTÁNDAR DEL LIBRO | |
| Número Internacional Estándar del Libro | 0865814252 |
| 040 ## - FUENTE DE LA CATALOGACIÓN | |
| Centro catalogador/agencia de origen | DO-SdBNP |
| Lengua de catalogación | spa |
| Centro/agencia transcriptor | DLC |
| Centro/agencia modificador | BNPHU |
| 082 ## - NÚMERO DE LA CLASIFICACIÓN DECIMAL DEWEY | |
| Número de clasificación | 390.097295 |
| Número de documento/Ítem | A454g, 1988 |
| 100 1# - ENTRADA PRINCIPAL--NOMBRE DE PERSONA | |
| Nombre de persona | Alonso, Manuel A. |
| Forma completa/desarrollada del nombre | (Manuel Antonio), |
| Fechas asociadas al nombre | 1822-1889. |
| 9 (RLIN) | 34534 |
| 245 13 - MENCIÓN DE TÍTULO | |
| Título | El gibaro : |
| Resto del título | Cuadro de costumbres de la isla de Puerto Rico / |
| Mención de responsabilidad, etc. | Manuel A. Alonso. |
| 250 ## - MENCIÓN DE EDICIÓN | |
| Mención de edición | 2a. ed. |
| 260 ## - PUBLICACIÓN, DISTRIBUCIÓN, ETC. | |
| Lugar de publicación, distribución, etc. | San Juan (Puerto Rico) : |
| Nombre del editor, distribuidor, etc. | Instituto de Cultura Puertorriqueña, |
| Fecha de publicación, distribución, etc. | 1888. |
| 300 ## - DESCRIPCIÓN FÍSICA | |
| Extensión | 2 v. in 1. ; |
| Dimensiones | 20 cm. |
| 490 1# - MENCIÓN DE SERIE | |
| Mención de serie | Biblioteca popular |
| 500 ## - NOTA GENERAL | |
| Nota general | Edición fascimilar |
| 500 ## - NOTA GENERAL | |
| Nota general | On t.-p. of v. 1: Publicado por primera vez en Barcelona en el año de 1849. |
| 651 #4 - PUNTO DE ACCESO ADICIONAL DE MATERIA--NOMBRE GEOGRÁFICO | |
| Nombre geográfico | Puerto Rico |
| Subdivisión general | Vida Social Y Costumbres |
| 9 (RLIN) | 9074 |
| 651 #4 - PUNTO DE ACCESO ADICIONAL DE MATERIA--NOMBRE GEOGRÁFICO | |
| Nombre geográfico | Puerto Rico |
| Subdivisión general | Civilización |
| 9 (RLIN) | 13570 |
| 651 #4 - PUNTO DE ACCESO ADICIONAL DE MATERIA--NOMBRE GEOGRÁFICO | |
| Nombre geográfico | Puerto Rico |
| Subdivisión general | Aspectos Sociales |
| 9 (RLIN) | 34535 |
| 830 #0 - PUNTO DE ACCESO ADICIONAL DE SERIE-TÍTULO UNIFORME | |
| Título uniforme | Biblioteca popular |
| 9 (RLIN) | 5059 |
| 910 ## - DATOS DE OPCIÓN DEL USUARIO (OCLC) | |
| Datos de opción del usuario | Catalogación derivada |
| Estado de retiro | Estado de pérdida | Restricciones de uso | No para préstamo | Código de colección | Localización permanente | Ubicación/localización actual | Ubicación en estantería | Fecha de adquisición | Número de inventario | Total de préstamos | Signatura topográfica completa | Código de barras | Fecha visto por última vez | Precio válido a partir de | Tipo de ítem Koha |
|---|---|---|---|---|---|---|---|---|---|---|---|---|---|---|---|
| Monografías: Libros y Folletos | General | General | En catalogación | 03.02.2010 | LF1 | 390.097295 A454g, 1988 | 15265-10 | 25.06.2020 | 25.06.2020 | Préstamo en sala |
